|
|
|
|
| LEADER |
00000nab a2200000 a 4500 |
| 001 |
vtls010520044 |
| 003 |
SK-MaSNL |
| 005 |
20260305015140.0 |
| 008 |
210903c2013 xo wrzp 0 0slo |
| 015 |
|
|
|a SNBRB2013/06
|2 rvgkpd
|
| 038 |
|
|
|a RVGKPD
|
| 040 |
|
|
|a RVGKPD
|b slo
|c RVGKPD
|e AACR2
|
| 041 |
0 |
|
|a slo
|
| 044 |
|
|
|a xo
|c SK
|
| 080 |
|
|
|a 271-393
|2 1997
|
| 080 |
|
|
|a 282
|2 1997
|
| 100 |
1 |
|
|a Skúpa, Martina
|4 aut
|9 593825
|
| 245 |
1 |
0 |
|a Presvedčí ho?
|b môže pápež zrušiť celibát?
|c Martina Skúpa
|
| 246 |
3 |
|
|a Odborníci sú skeptickí - myslia si, že mu to cirkev nedovolí
|
| 300 |
|
|
|b Fotogr.
|
| 610 |
2 |
7 |
|a Rímskokatolícka cirkev
|2 SNKKA
|9 32394
|
| 650 |
0 |
7 |
|a celibát
|2 rvgkpd
|9 1921
|
| 773 |
0 |
|
|t Plus 7 dní
|g Roč. XXIII, č. 18 (2013), s. 128-129
|x 1210-4040
|
| 852 |
|
|
|a RVGKPD
|b KIS3G
|
| 856 |
4 |
1 |
|u http://www.pluska.sk/plus-7-dni/
|
| 992 |
|
|
|a RBX
|
| 999 |
|
|
|c 3273339
|d 3275269
|